Sustainability (Record no. 82246)

MARC details
000 -LEADER
fixed length control field 00730cam a22002055a 4500
001 - CONTROL NUMBER
control field L149673
008 - FIXED-LENGTH DATA ELEMENTS--GENERAL INFORMATION
fixed length control field 100407s2010 xxk f 000 0 eng d
035 ## - SYSTEM CONTROL NUMBER
System control number (Sirsi) u149673
041 0# - LANGUAGE CODE
Language code of text/sound track or separate title eng
100 1# - MAIN ENTRY--PERSONAL NAME
Personal name McAllister, Isabel
245 00 - TITLE STATEMENT
Title Sustainability
Remainder of title renewable energy
260 ## - PUBLICATION, DISTRIBUTION, ETC.
Date of publication, distribution, etc. 2010
490 #0 - SERIES STATEMENT
Series statement Building
Volume/sequential designation 275 (8622, 12) 26 March 2010, 56-59(4)
520 ## - SUMMARY, ETC.
Summary, etc. Financial incentives from the government are encouraging investment; capital and installation costs have been reduced; FITs (feed-in-tariffs); funding; wind and photovoltaic tariffs; calculation methods; return on investments.
590 ## - LOCAL NOTE (RLIN)
Local note KA
651 #4 - SUBJECT ADDED ENTRY--GEOGRAPHIC NAME
Geographic name ENGLAND AND WALES
690 ## - LOCAL SUBJECT ADDED ENTRY--TOPICAL TERM (OCLC, RLIN)
Topical term or geographic name as entry element BUILT ENVIRONMENT
700 1# - ADDED ENTRY--PERSONAL NAME
Personal name Mactavish, Adam
942 ## - ADDED ENTRY ELEMENTS (KOHA)
Suppress in OPAC 0
Holdings
Withdrawn status Lost status Source of classification or shelving scheme Damaged status Not for loan Home library Current library Shelving location Date acquired Total Checkouts Full call number Barcode Date last seen Copy number Price effective from Koha item type
    Dewey Decimal Classification     London London Journal article 07/04/2010   L149673 149673-1001 06/08/2019 1 06/08/2019 Journal article